00495 2200157 4500001002100000005001500021035002000036007000300056008004100059020002200100100002400122245009200146250000900238260006800247300002200315INLIS00000000000009820210720061342 a0010-0721000083ta210720 1  a978-979-069-286-20 aDina Amalia Susamto1 aPertarungan Terakhir Seri 1 :bCerita Rakyat /cBadan Pengembangan dan Pembinaan Bahasa a2016 aJakarta Timur :bBadan Pengembangan dan Pembinaan Bahasa,c2016 a55 :bFiksi ;c21